LEADER 00909nam0 2200229 450 001 000020843 005 20081222131919.0 100 $a20081222d1966----km-y0itay50------ba 101 0 $aita 102 $aIT 105 $ay-------101yy 200 1 $a<>contabilità nazionale ed il suo impiego$e1. convegno di studi su temi di contabilità nazionale, Roma, 29 settembre 1966$eprolusione per la seduta inaugurale$fGiuseppe Pella 210 $aRoma$cIstituto per la contabilità nazionale$d1966 215 $a20 p.$d32 cm 500 10$a<>contabilità nazionale ed il suo impiego$947745 702 1$aPella,$bGiuseppe 710 12$aConvegno di studi su temi di contabilità nazionale$d<1. ;$f1966 ;$eRoma>$0632663 801 0$aIT$bUNIPARTHENOPE$c20081222$gRICA$2UNIMARC 912 $a000020843 951 $a223/3$b2416$cNAVA2$d2008 996 $aContabilità nazionale ed il suo impiego$947745 997 $aUNIPARTHENOPE